|
|
|
|
| LEADER |
00000cam a2200000 7i4500 |
| 001 |
0000001445 |
| 005 |
20151222.0 |
| 008 |
070705 |
| 020 |
|
|
|a 9679501647
|
| 090 |
0 |
0 |
|a JF
|b G ENG (1282)
|
| 100 |
0 |
|
|a Anajee S. Pinju
|
| 245 |
1 |
4 |
|a The Malaysian vision
|c Anajee S. Pinju and Sudhagar Narasiman
|
| 260 |
|
|
|a Selangor :
|b IBS Buku ,
|c 2003
|
| 500 |
|
|
|a Children ages 7-9 years old (orange)
|
| 650 |
|
0 |
|a General
|
| 650 |
|
0 |
|a Junior fiction
|x English
|x Languages
|
| 700 |
0 |
|
|a Sudhagar Narasiman
|
| 710 |
0 |
|
|a Title
|
| 999 |
|
|
|a 0000965385
|b Book
|c Children Collection
|e Cawangan Mersing
|
| 999 |
|
|
|a 0000965386
|b Book
|c Children Collection
|e Perbadanan Perpustakaan Awam Johor
|
| 999 |
|
|
|a 0000965387
|b Book
|c Children Collection
|e Perbadanan Perpustakaan Awam Johor
|
| 999 |
|
|
|a 0000965388
|b Book
|c Children Collection
|e Cawangan Bandar Penawar
|
| 999 |
|
|
|a 0000965389
|b Book
|c Children Collection
|e Perbadanan Perpustakaan Awam Johor
|